Information retrieval (Record no. 176552)
[ view plain ]
| 000 -LEADER | |
|---|---|
| fixed length control field | 00928 a2200169 4500 |
| 003 - CONTROL NUMBER IDENTIFIER | |
| control field | Nust |
| 005 - DATE AND TIME OF LATEST TRANSACTION | |
| control field | 20220722092138.0 |
| 040 ## - CATALOGING SOURCE | |
| Transcribing agency | Nust |
| 082 ## - DEWEY DECIMAL CLASSIFICATION NUMBER | |
| Classification number | 004,SHA |
| 100 ## - MAIN ENTRY--PERSONAL NAME | |
| Personal name | Sharp, John R. |
| 9 (RLIN) | 94494 |
| 245 ## - TITLE STATEMENT | |
| Title | Information retrieval |
| Remainder of title | notes for students / |
| Statement of responsibility, etc. | John R. Sharp |
| 260 ## - PUBLICATION, DISTRIBUTION, ETC. | |
| Name of publisher, distributor, etc. | Andre Deutsch |
| Place of publication, distribution, etc. | London |
| Date of publication, distribution, etc. | 1970 |
| 300 ## - PHYSICAL DESCRIPTION | |
| Extent | 90 p. |
| 505 ## - FORMATTED CONTENTS NOTE | |
| Formatted contents note | Classification (Page-13), Conventional Catalogues and their Deficiencies (Page-22), Combinations Permutations and Coordinate Indexing (Page-31), Indexing Language The Thesaurus (Page-40), Indexing Languages Ancillary (Page-51), Mechanization System Parameters And Performance (Page-57), Mechanized Index Production (Page-63), Automatic Indexing Automatic Abstracting and Automatic Classification (Page-70), Selective Dissemination of Information Citation Indexing (Page-75), References (Page-79, Index (Page-87). |
| 650 ## - SUBJECT ADDED ENTRY--TOPICAL TERM | |
| Topical term or geographic name entry element | Information |
| 9 (RLIN) | 94495 |
| 942 ## - ADDED ENTRY ELEMENTS (KOHA) | |
| Source of classification or shelving scheme | |
| Koha item type | Book |
| Call number prefix | 004,SHA |
| Withdrawn status | Lost status | Source of classification or shelving scheme | Damaged status | Not for loan | Permanent Location | Current Location | Shelving location | Date acquired | Full call number | Barcode | Date last seen | Price effective from | Koha item type | Public note |
|---|---|---|---|---|---|---|---|---|---|---|---|---|---|---|
| Military College of Signals (MCS) | Military College of Signals (MCS) | General Stacks | 12/12/2016 | 004,SHA | MCS3397 | 12/08/2016 | 12/12/2016 | Book | Almirah No.1, Shelf No. 5 |
